Educational Research (Record no. 223678)
[ view plain ]
| 000 -LEADER | |
|---|---|
| fixed length control field | 01179nam a22002177a 4500 |
| 005 - DATE AND TIME OF LATEST TRANSACTION | |
| control field | 20251113181156.0 |
| 008 - FIXED-LENGTH DATA ELEMENTS--GENERAL INFORMATION | |
| fixed length control field | 220711b ||||| |||| 00| 0 eng d |
| 020 ## - INTERNATIONAL STANDARD BOOK NUMBER | |
| International Standard Book Number | 9789332549470 |
| 040 ## - CATALOGING SOURCE | |
| Transcribing agency | AL |
| 041 ## - LANGUAGE CODE | |
| Language code of text/sound track or separate title | English |
| 082 ## - DEWEY DECIMAL CLASSIFICATION NUMBER | |
| Classification number | 370.7 |
| Item number | CREE |
| 100 ## - MAIN ENTRY--PERSONAL NAME | |
| Personal name | John W Creswell |
| 9 (RLIN) | 47999 |
| 245 ## - TITLE STATEMENT | |
| Title | Educational Research |
| Remainder of title | : Planning, Conducting and Evaluating Quantitative and Qualitative Research |
| 250 ## - EDITION STATEMENT | |
| Edition statement | 4th ed. |
| 260 ## - PUBLICATION, DISTRIBUTION, ETC. | |
| Place of publication, distribution, etc. | Chennai |
| Name of publisher, distributor, etc. | Pearson |
| Date of publication, distribution, etc. | 2015 |
| 300 ## - PHYSICAL DESCRIPTION | |
| Extent | xx,650p. |
| Other physical details | PB |
| Dimensions | 25.5x19cm. |
| 365 ## - TRADE PRICE | |
| Source of price type code | General |
| Price type code | 2473 |
| Price amount | ₹591.00 |
| Currency code | ₹ |
| Unit of pricing | ₹739.00 |
| Price note | 20% |
| Price effective from | 29/06/2022 |
| 520 ## - SUMMARY, ETC. | |
| Summary, etc. | A practical, step-by-step core research text that balances coverage of qualitative and quantitative methods The clear and practical writing of Educational Research: Planning, Conducting and Evaluating Quantitative and Qualitative Research has made this book a favorite among instructors and students. In precise, step-by-step language the text helps students learn how to conduct, read and evaluate research studies. Key updates for the 4th edition include expanded coverage of ethics and new research articles.<br/> |
| 650 ## - SUBJECT ADDED ENTRY--TOPICAL TERM | |
| Source of heading or term | Research |
| Topical term or geographic name entry element | Education, Research |
| 9 (RLIN) | 48000 |
| 942 ## - ADDED ENTRY ELEMENTS (KOHA) | |
| Source of classification or shelving scheme | Dewey Decimal Classification |
| Koha item type | Book |
| Withdrawn status | Lost status | Source of classification or shelving scheme | Damaged status | Not for loan | Collection code | Home library | Current library | Date acquired | Source of acquisition | Cost, normal purchase price | Total Checkouts | Full call number | Barcode | Date last seen | Cost, replacement price | Price effective from | Koha item type |
|---|---|---|---|---|---|---|---|---|---|---|---|---|---|---|---|---|---|
| Dewey Decimal Classification | General | St Aloysius PG Library | St Aloysius PG Library | 07/05/2022 | Biblios Book Point | 591.00 | 370.7 CREE | PG023974 | 08/24/2022 | 739.00 | 07/11/2022 | Book |